00669nam a2200193Ia 4500952015300000999001700153003000400170005001700174008004100191020001800232040000900250082001800259100002600277245006300303260004200366300000900408650001600417942004200433 00102ddc40708MATHEMATICSaMESbMEScMATd2019-02-20g2000.66l4m3o512.55 GAA/Lp40426r2022-07-25 00:00:00s2022-07-22w2019-02-20yBKzGL23R2 c32575d32575OSt20200909132529.0190216s9999||||xx |||||||||||||| ||und|| a9780486478517 coclc a512.55bGAA/L aGaal, Steven A 94530 0aLinear Analysis And Representation Theory /cSteven A Gaal bDover Publications,c2010.aNew York: a688p aMathematics cBK2ddch512.55iGAA/Lk512.55mGAA/L